| 000 | 00611cam a22002173a 4500 | ||
|---|---|---|---|
| 001 | 33423 | ||
| 003 | PGUSA | ||
| 005 | 20140828083725.0 | ||
| 008 | 100813s2010||||xxu|||||s|||||000 | eng d | ||
| 040 |
_aPGUSA _beng |
||
| 042 | _adc | ||
| 100 | 1 |
_aPocock, Roger, _d1865-1941 |
|
| 245 | 1 | 2 |
_aA Man in the Open _h[electronic resource] / _cRoger Pocock |
| 260 |
_bProject Gutenberg, _c2010 |
||
| 506 | _aPublic domain in the USA. | ||
| 516 | _aElectronic text | ||
| 700 | 1 |
_aBracker, M. Leone, _d1885-1937 |
|
| 830 | 0 |
_aProject Gutenberg _v33423 |
|
| 856 | 4 | 0 | _uhttp://www.gutenberg.org/ebooks/33423 |
| 942 | _cEB | ||
| 999 |
_c262678 _d262678 |
||